[Event "High League 2022 men"]
[Site "Obninsk"]
[Date "2022.06.26"]
[Round "1.19"]
[White "Murzin, Volodar"]
[Black "Ekdyshman, Mikhail"]
[Result "1-0"]
[LiveChessVersion "1.4.7"]
[BlackElo "2307"]
[WhiteElo "2549"]

1. e4 {[%clk 1:30:54]} c5 {[%clk 1:30:43]} 2. Nf3 {[%clk 1:31:19]} e6
{[%clk 1:30:47]} 3. d4 {[%clk 1:30:04]} cxd4 {[%clk 1:31:10]} 4. Nxd4
{[%clk 1:30:30]} a6 {[%clk 1:31:03]} 5. c4 {[%clk 1:24:30]} Nc6 {[%clk 1:29:06]}
6. Nc3 {[%clk 1:23:54]} Qc7 {[%clk 1:28:24]} 7. Be2 {[%clk 1:17:32]} Nf6
{[%clk 1:22:35]} 8. O-O {[%clk 1:16:02]} Be7 {[%clk 1:18:14]} 9. Be3
{[%clk 1:14:08]} O-O {[%clk 1:17:15]} 10. Rc1 {[%clk 1:13:25]} Nxd4
{[%clk 1:15:41]} 11. Bxd4 {[%clk 1:10:34]} d6 {[%clk 1:15:51]} 12. Qd2
{[%clk 1:08:01]} b6 {[%clk 1:06:14]} 13. Rfd1 {[%clk 1:05:30]} Nd7
{[%clk 1:05:41]} 14. f3 {[%clk 1:04:18]} Rb8 {[%clk 1:03:35]} 15. Bf1
{[%clk 1:01:45]} Re8 {[%clk 0:59:36]} 16. Rc2 {[%clk 0:58:29]} Bb7
{[%clk 0:58:29]} 17. Qf2 {[%clk 0:54:40]} Ba8 {[%clk 0:42:31]} 18. b4
{[%clk 0:47:10]} Bf8 {[%clk 0:37:54]} 19. Kh1 {[%clk 0:41:48]} Rec8
{[%clk 0:36:00]} 20. Rdc1 {[%clk 0:37:59]} Qc6 {[%clk 0:31:57]} 21. a3
{[%clk 0:33:01]} h6 {[%clk 0:30:45]} 22. Qg3 {[%clk 0:29:00]} Qc7
{[%clk 0:28:11]} 23. f4 {[%clk 0:24:10]} e5 {[%clk 0:15:57]} 24. Be3
{[%clk 0:23:05]} Nf6 {[%clk 0:15:57]} 25. Qf3 {[%clk 0:22:14]} Qb7
{[%clk 0:12:57]} 26. Nd5 {[%clk 0:14:46]} Nxd5 {[%clk 0:12:42]} 27. cxd5
{[%clk 0:14:11]} exf4 {[%clk 0:09:02]} 28. Qxf4 {[%clk 0:11:29]} Rxc2
{[%clk 0:08:46]} 29. Rxc2 {[%clk 0:11:57]} b5 {[%clk 0:08:33]} 30. Qg4
{[%clk 0:03:14]} Re8 {[%clk 0:04:36]} 31. Bd3 {[%clk 0:02:49]} Kh8
{[%clk 0:02:35]} 32. Bd4 {[%clk 0:02:58]} Kg8 {[%clk 0:01:55]} 33. h4
{[%clk 0:02:23]} Qe7 {[%clk 0:02:23]} 34. h5 {[%clk 0:02:09]} Qg5
{[%clk 0:01:52]} 35. Qxg5 {[%clk 0:02:19]} hxg5 {[%clk 0:02:21]} 36. Rc7
{[%clk 0:02:33]} f5 {[%clk 0:02:15]} 37. exf5 {[%clk 0:02:43]} Re1+
{[%clk 0:02:30]} 38. Kh2 {[%clk 0:01:24]} Rd1 {[%clk 0:02:43]} 39. f6
{[%clk 0:00:34]} Rxd3 {[%clk 0:01:13]} 40. fxg7 {[%clk 0:30:40]} Rxd4
{[%clk 0:30:42]} 41. gxf8=Q+ {[%clk 0:30:52]} Kxf8 {[%clk 0:31:11]} 42. Rc8+
{[%clk 0:31:14]} Kg7 {[%clk 0:31:22]} 43. Rxa8 {[%clk 0:31:38]} Rxd5
{[%clk 0:31:37]} 44. Rxa6 {[%clk 0:31:04]} Rd3 {[%clk 0:21:36]} 45. Rb6
{[%clk 0:23:40]} g4 {[%clk 0:16:11]} 46. Rxb5 {[%clk 0:19:36]} Rxa3
{[%clk 0:16:39]} 47. Rg5+ {[%clk 0:19:48]} Kh6 {[%clk 0:16:51]} 48. Rxg4
{[%clk 0:19:37]} Kxh5 {[%clk 0:17:07]} 49. Rg3 {[%clk 0:19:28]} Ra6
{[%clk 0:16:17]} 50. Kh3 {[%clk 0:17:05]} Rb6 {[%clk 0:13:21]} 51. Rg4
{[%clk 0:15:53]} Rc6 {[%clk 0:08:56]} 52. g3 {[%clk 0:09:51]} Rb6
{[%clk 0:04:24]} 53. Rf4 {[%clk 0:03:24]} Kg5 {[%clk 0:04:53]} 54. Kg2
{[%clk 0:03:47]} Rc6 {[%clk 0:03:02]} 55. b5 {[%clk 0:03:54]} Rb6
{[%clk 0:03:17]} 56. Rb4 {[%clk 0:04:19]} Kf5 {[%clk 0:03:37]} 57. Kf3
{[%clk 0:04:33]} Ke5 {[%clk 0:03:41]} 58. g4 {[%clk 0:03:52]} Kd5
{[%clk 0:03:14]} 59. Ke3 {[%clk 0:03:00]} Kc5 {[%clk 0:03:16]} 60. Rb1
{[%clk 0:03:22]} d5 {[%clk 0:02:48]} 61. Kd3 {[%clk 0:03:39]} d4 {[%clk 0:01:35]}
62. Rf1 {[%clk 0:02:26]} Rd6 {[%clk 0:00:35]} 63. Rf5+ {[%clk 0:02:51]} Kb6
{[%clk 0:00:59]} 64. g5 {[%clk 0:03:03]} Ka5 65. Rf6 {[%clk 0:00:45]} Rd5
{[%clk 0:01:10]} 66. g6 {[%clk 0:00:40]} Rxb5 {[%clk 0:00:59]} 67. Kxd4
{[%clk 0:00:38]} Rg5 {[%clk 0:01:11]} 68. Ke4 {[%clk 0:01:01]} Kb4
{[%clk 0:01:27]} 69. Kf4 {[%clk 0:01:24]} Rg1 {[%clk 0:01:46]} 70. Kf5
{[%clk 0:01:35]} Kc5 {[%clk 0:01:56]} 71. Ke6 {[%clk 0:01:56]} Kd4
{[%clk 0:02:05]} 72. Kf7 {[%clk 0:02:14]} 1-0

[Event "High League 2022 men"]
[Site "Obninsk"]
[Date "2022.06.26"]
[Round "1.20"]
[White "Goltsev, Dmitry"]
[Black "Iljiushenok, Ilia"]
[Result "0-1"]
[LiveChessVersion "1.4.7"]
[BlackElo "2540"]
[WhiteElo "2294"]

1. e4 {[%clk 1:30:59]} c5 {[%clk 1:30:52]} 2. Nf3 {[%clk 1:31:24]} e6
{[%clk 1:31:17]} 3. d4 {[%clk 1:31:47]} cxd4 {[%clk 1:31:42]} 4. Nxd4
{[%clk 1:32:12]} Nc6 {[%clk 1:32:09]} 5. Nc3 {[%clk 1:32:31]} Qc7
{[%clk 1:32:35]} 6. Be2 {[%clk 1:30:26]} a6 {[%clk 1:32:54]} 7. Nxc6
{[%clk 1:28:30]} bxc6 {[%clk 1:30:14]} 8. Qd3 {[%clk 1:28:06]} Bd6
{[%clk 1:25:46]} 9. Be3 {[%clk 1:18:15]} Nf6 {[%clk 1:23:46]} 10. O-O-O
{[%clk 1:15:18]} Be7 {[%clk 1:17:47]} 11. g4 {[%clk 0:56:44]} d5 {[%clk 1:16:41]}
12. g5 {[%clk 0:56:51]} Nd7 {[%clk 1:16:57]} 13. f4 {[%clk 0:57:12]} Rb8
{[%clk 1:10:13]} 14. exd5 {[%clk 0:53:43]} exd5 {[%clk 0:49:41]} 15. h4
{[%clk 0:47:25]} O-O {[%clk 0:48:11]} 16. h5 {[%clk 0:43:53]} Nc5
{[%clk 0:47:19]} 17. Qd2 {[%clk 0:42:34]} Bf5 {[%clk 0:42:53]} 18. Rhg1
{[%clk 0:30:17]} Qb7 {[%clk 0:42:26]} 19. b3 {[%clk 0:15:01]} Nxb3+
{[%clk 0:42:51]} 20. cxb3 {[%clk 0:15:20]} Ba3+ {[%clk 0:43:18]} 21. Qb2
{[%clk 0:15:47]} Bxb2+ {[%clk 0:43:45]} 22. Kxb2 {[%clk 0:16:14]} Rfe8
{[%clk 0:44:08]} 23. Bd4 {[%clk 0:16:02]} c5 {[%clk 0:43:49]} 24. Be5
{[%clk 0:15:49]} d4 {[%clk 0:38:45]} 25. Na4 {[%clk 0:16:02]} Qb4
{[%clk 0:39:05]} 26. Ka1 {[%clk 0:12:32]} Bc2 {[%clk 0:39:15]} 27. Bc4
{[%clk 0:11:24]} Bxd1 {[%clk 0:38:11]} 28. Rxd1 {[%clk 0:11:19]} Rxe5
{[%clk 0:37:45]} 29. fxe5 {[%clk 0:11:47]} Re8 {[%clk 0:37:50]} 30. g6
{[%clk 0:10:36]} Rxe5 {[%clk 0:38:14]} 31. Kb2 {[%clk 0:09:46]} Rf5
{[%clk 0:38:12]} 32. gxf7+ {[%clk 0:09:59]} Kf8 {[%clk 0:38:37]} 33. Kc2
{[%clk 0:09:31]} Rf2+ {[%clk 0:37:00]} 34. Kd3 {[%clk 0:09:58]} Qb7
{[%clk 0:37:15]} 0-1

[Event "High League 2022 men"]
[Site "Obninsk"]
[Date "2022.06.26"]
[Round "1.21"]
[White "Sychev, Klementy"]
[Black "Shakirov, Marat"]
[Result "1-0"]
[LiveChessVersion "1.4.7"]
[BlackElo "2290"]
[WhiteElo "2534"]

1. e4 {[%clk 1:30:54]} c6 {[%clk 1:30:46]} 2. d4 {[%clk 1:31:17]} d5
{[%clk 1:31:11]} 3. e5 {[%clk 1:31:35]} c5 {[%clk 1:31:36]} 4. Nf3
{[%clk 1:28:30]} Nc6 {[%clk 1:29:44]} 5. dxc5 {[%clk 1:24:33]} e6
{[%clk 1:23:06]} 6. Be3 {[%clk 1:24:27]} Qc7 {[%clk 1:23:02]} 7. Nc3
{[%clk 1:06:02]} a6 {[%clk 1:16:03]} 8. Na4 {[%clk 1:06:17]} Nxe5
{[%clk 1:13:34]} 9. Nxe5 {[%clk 0:55:19]} Qxe5 {[%clk 1:13:52]} 10. c3
{[%clk 0:45:41]} Bd7 {[%clk 1:10:43]} 11. Nb6 {[%clk 0:44:28]} Rd8
{[%clk 1:10:14]} 12. Qd4 {[%clk 0:44:51]} Qc7 {[%clk 1:00:33]} 13. b4
{[%clk 0:43:17]} Be7 {[%clk 0:53:16]} 14. Bf4 {[%clk 0:42:05]} Qc6
{[%clk 0:53:37]} 15. Bd3 {[%clk 0:32:54]} f6 {[%clk 0:50:34]} 16. Bg3
{[%clk 0:33:11]} e5 {[%clk 0:43:31]} 17. Qxd5 {[%clk 0:32:18]} Qxd5
{[%clk 0:43:50]} 18. Nxd5 {[%clk 0:32:45]} Bc6 {[%clk 0:43:48]} 19. c4
{[%clk 0:32:46]} Bxd5 {[%clk 0:41:58]} 20. cxd5 {[%clk 0:33:11]} Rxd5
{[%clk 0:42:13]} 21. O-O-O {[%clk 0:33:21]} Rd4 {[%clk 0:41:07]} 22. a3
{[%clk 0:31:58]} Nh6 {[%clk 0:40:26]} 23. Bc2 {[%clk 0:31:24]} Rd8
{[%clk 0:35:52]} 24. f4 {[%clk 0:26:15]} Ng4 {[%clk 0:29:19]} 25. fxe5
{[%clk 0:24:11]} Nxe5 {[%clk 0:28:16]} 26. Bxe5 {[%clk 0:23:09]} fxe5
{[%clk 0:28:33]} 27. Ba4+ {[%clk 0:21:41]} Kf7 {[%clk 0:28:40]} 28. Bb3+
{[%clk 0:22:10]} Kg6 {[%clk 0:28:58]} 29. Bd5 {[%clk 0:22:24]} a5
{[%clk 0:25:16]} 30. Bxb7 {[%clk 0:22:24]} axb4 {[%clk 0:25:33]} 31. axb4
{[%clk 0:22:53]} Rb8 {[%clk 0:24:51]} 32. Rd7 {[%clk 0:22:05]} Bg5+
{[%clk 0:25:13]} 33. Kc2 {[%clk 0:22:14]} Rhf8 {[%clk 0:25:38]} 34. Rhd1
{[%clk 0:21:58]} Rf2+ {[%clk 0:25:28]} 35. Kb3 {[%clk 0:22:21]} e4
{[%clk 0:25:32]} 36. Bxe4+ {[%clk 0:21:30]} Kh6 {[%clk 0:25:57]} 37. c6
{[%clk 0:16:38]} Bf6 {[%clk 0:26:04]} 38. R1d2 {[%clk 0:15:52]} Rf4
{[%clk 0:26:27]} 39. c7 {[%clk 0:15:53]} Re8 {[%clk 0:26:51]} 40. Bb7
{[%clk 0:45:13]} Re1 {[%clk 0:55:40]} 41. Rd1 {[%clk 0:43:55]} Re2
{[%clk 0:56:00]} 42. R7d2 {[%clk 0:44:14]} Re3+ {[%clk 0:55:53]} 43. Rd3
{[%clk 0:44:39]} Re2 {[%clk 0:56:06]} 44. c8=Q {[%clk 0:43:39]} Rb2+
{[%clk 0:56:16]} 45. Ka3 {[%clk 0:43:54]} Rbxb4 {[%clk 0:56:39]} 46. Rh3+
{[%clk 0:43:50]} 1-0

[Event "High League 2022 men"]
[Site "Obninsk"]
[Date "2022.06.26"]
[Round "1.22"]
[White "Shoboev, Dandar"]
[Black "Makarian, Rudik"]
[Result "1-0"]
[LiveChessVersion "1.4.7"]
[BlackElo "2534"]
[WhiteElo "2244"]

1. d4 {[%clk 1:30:57]} Nf6 {[%clk 1:30:54]} 2. Bf4 {[%clk 1:31:18]} c5
{[%clk 1:30:01]} 3. d5 {[%clk 1:31:28]} Qa5+ {[%clk 1:22:23]} 4. Bd2
{[%clk 1:27:38]} Qb6 {[%clk 1:22:17]} 5. Nc3 {[%clk 1:27:56]} d6 {[%clk 1:22:04]}
6. e4 {[%clk 1:28:05]} a6 {[%clk 1:17:07]} 7. a4 {[%clk 1:27:08]} g6
{[%clk 1:17:28]} 8. a5 {[%clk 1:20:49]} Qc7 {[%clk 1:16:34]} 9. h3
{[%clk 1:21:09]} Bg7 {[%clk 1:16:00]} 10. Nf3 {[%clk 1:21:33]} O-O
{[%clk 1:15:52]} 11. Be2 {[%clk 1:21:59]} e6 {[%clk 1:05:26]} 12. O-O
{[%clk 1:22:06]} exd5 {[%clk 1:05:52]} 13. exd5 {[%clk 1:22:32]} Nbd7
{[%clk 1:03:25]} 14. Bf4 {[%clk 1:06:07]} b5 15. axb6 {[%clk 1:03:41]} Nxb6
{[%clk 1:03:03]} 16. Ng5 {[%clk 0:59:43]} Re8 {[%clk 0:56:49]} 17. Bf3
{[%clk 0:52:03]} Nc4 {[%clk 0:56:38]} 18. b3 {[%clk 0:42:43]} Ne5
{[%clk 0:57:04]} 19. Be2 {[%clk 0:42:27]} h6 {[%clk 0:51:09]} 20. Nf3
{[%clk 0:42:13]} Nh5 {[%clk 0:46:38]} 21. Bd2 {[%clk 0:39:57]} Nf6
{[%clk 0:40:45]} 22. Bf4 {[%clk 0:31:50]} Bb7 {[%clk 0:37:00]} 23. Qd2
{[%clk 0:31:02]} g5 {[%clk 0:36:18]} 24. Bh2 {[%clk 0:30:33]} Ng6
{[%clk 0:34:22]} 25. Rae1 {[%clk 0:19:23]} g4 {[%clk 0:30:22]} 26. hxg4
{[%clk 0:19:04]} Nxg4 {[%clk 0:30:48]} 27. Bg3 {[%clk 0:17:56]} f5
{[%clk 0:28:09]} 28. Bd3 {[%clk 0:14:06]} Qf7 {[%clk 0:23:51]} 29. Re6
{[%clk 0:11:27]} Rxe6 {[%clk 0:22:28]} 30. dxe6 {[%clk 0:11:50]} Qf6
{[%clk 0:22:57]} 31. Ne2 {[%clk 0:08:38]} Bxf3 {[%clk 0:22:55]} 32. gxf3
{[%clk 0:09:03]} N4e5 {[%clk 0:23:20]} 33. Kg2 {[%clk 0:07:59]} Qxe6
{[%clk 0:20:45]} 34. Bxf5 {[%clk 0:06:15]} Qxf5 {[%clk 0:14:24]} 35. Qd5+
{[%clk 0:06:40]} Kh7 {[%clk 0:14:50]} 36. Qxa8 {[%clk 0:07:06]} Qxc2
{[%clk 0:07:31]} 37. Qe4 {[%clk 0:05:57]} Qxb3 {[%clk 0:07:03]} 38. Rb1
{[%clk 0:06:01]} Qc4 {[%clk 0:04:59]} 39. Rb7 {[%clk 0:06:06]} d5
{[%clk 0:02:43]} 40. Rxg7+ {[%clk 0:35:27]} Kxg7 {[%clk 0:33:06]} 41. Bxe5+
{[%clk 0:35:54]} Kh7 {[%clk 0:33:12]} 42. Qf5 {[%clk 0:34:47]} 1-0

[Event "High League 2022 men"]
[Site "Obninsk"]
[Date "2022.06.27"]
[Round "2.1"]
[White "Sjugirov, Sanan"]
[Black "Murzin, Volodar"]
[Result "1-0"]
[LiveChessVersion "1.4.7"]
[BlackElo "2549"]
[WhiteElo "2696"]

1. d4 {[%clk 1:28:44]} d5 {[%clk 1:28:20]} 2. c4 {[%clk 1:28:55]} c6
{[%clk 1:28:21]} 3. Nf3 {[%clk 1:28:54]} Nf6 {[%clk 1:28:33]} 4. e3
{[%clk 1:27:20]} e6 {[%clk 1:27:39]} 5. Bd3 {[%clk 1:22:32]} Nbd7
{[%clk 1:21:41]} 6. b3 {[%clk 1:20:03]} b6 {[%clk 1:14:42]} 7. O-O
{[%clk 1:18:58]} Bb7 {[%clk 1:14:57]} 8. Bb2 {[%clk 1:18:44]} Be7
{[%clk 1:08:01]} 9. Nc3 {[%clk 1:11:17]} O-O {[%clk 1:08:20]} 10. Qe2
{[%clk 1:09:18]} Qc7 {[%clk 1:02:34]} 11. Rac1 {[%clk 1:03:32]} Rad8
{[%clk 0:52:06]} 12. cxd5 {[%clk 0:49:24]} exd5 {[%clk 0:51:49]} 13. Ba3
{[%clk 0:48:17]} Bxa3 {[%clk 0:48:38]} 14. Nb5 {[%clk 0:48:18]} Qb8
{[%clk 0:48:44]} 15. Nxa3 {[%clk 0:48:43]} Qd6 {[%clk 0:48:05]} 16. Nb1
{[%clk 0:43:23]} Rfe8 {[%clk 0:43:20]} 17. Nc3 {[%clk 0:42:22]} Ne4
{[%clk 0:37:12]} 18. Qb2 {[%clk 0:33:50]} a5 {[%clk 0:25:16]} 19. a3
{[%clk 0:32:14]} Ra8 {[%clk 0:22:59]} 20. Rfd1 {[%clk 0:31:02]} Nxc3
{[%clk 0:21:21]} 21. Rxc3 {[%clk 0:31:01]} g6 {[%clk 0:18:53]} 22. Rdc1
{[%clk 0:29:16]} Re7 {[%clk 0:18:17]} 23. h3 {[%clk 0:27:32]} Ra7
{[%clk 0:16:00]} 24. R3c2 {[%clk 0:21:26]} Ra8 {[%clk 0:15:31]} 25. Be2
{[%clk 0:19:13]} Ra7 {[%clk 0:15:01]} 26. Ne1 {[%clk 0:18:30]} Ra8
{[%clk 0:13:45]} 27. Nd3 {[%clk 0:17:17]} h5 {[%clk 0:11:59]} 28. Rc3
{[%clk 0:15:36]} Ree8 {[%clk 0:11:00]} 29. Bf3 {[%clk 0:13:11]} Rac8
{[%clk 0:08:15]} 30. R1c2 {[%clk 0:12:54]} Rc7 {[%clk 0:03:09]} 31. b4
{[%clk 0:07:29]} a4 {[%clk 0:03:18]} 32. Qc1 {[%clk 0:05:18]} Rec8
{[%clk 0:02:09]} 33. Nb2 {[%clk 0:05:08]} b5 {[%clk 0:01:43]} 34. Be2
{[%clk 0:05:23]} Nf6 {[%clk 0:01:39]} 35. Bxb5 {[%clk 0:02:08]} Ne4
{[%clk 0:02:04]} 36. Bxa4 {[%clk 0:01:45]} Nxc3 {[%clk 0:01:53]} 37. Rxc3
{[%clk 0:02:11]} Ra8 {[%clk 0:01:45]} 38. Bc2 {[%clk 0:01:50]} Bc8
{[%clk 0:01:23]} 39. Na4 {[%clk 0:02:01]} Rb8 {[%clk 0:01:32]} 40. Bd3
{[%clk 0:32:05]} Rbb7 {[%clk 0:31:05]} 41. Nc5 {[%clk 0:29:52]} Rb6
{[%clk 0:31:26]} 42. Rb3 {[%clk 0:27:49]} Ra7 {[%clk 0:31:47]} 43. a4
{[%clk 0:27:53]} Rb8 {[%clk 0:31:33]} 44. a5 {[%clk 0:26:57]} Raa8
{[%clk 0:31:36]} 45. Qc3 {[%clk 0:26:46]} Ra7 {[%clk 0:31:58]} 46. Rb2
{[%clk 0:27:01]} Qf6 {[%clk 0:31:22]} 47. Bf1 {[%clk 0:23:29]} Bf5
{[%clk 0:31:36]} 48. Na4 {[%clk 0:22:39]} Qd6 {[%clk 0:31:16]} 49. Nb6
{[%clk 0:21:01]} Rbb7 {[%clk 0:31:32]} 50. Rd2 {[%clk 0:20:03]} Rc7
{[%clk 0:31:51]} 51. Rd1 {[%clk 0:20:20]} Be6 {[%clk 0:32:03]} 52. Rc1
{[%clk 0:20:36]} Qd8 {[%clk 0:32:27]} 53. Qd2 {[%clk 0:18:44]} Qd6
{[%clk 0:32:34]} 54. Rc5 {[%clk 0:19:06]} Bd7 {[%clk 0:31:34]} 55. Qc3
{[%clk 0:18:49]} Be8 {[%clk 0:31:29]} 56. Bd3 {[%clk 0:18:59]} Rab7
{[%clk 0:31:25]} 57. Ba6 {[%clk 0:16:52]} Rb8 {[%clk 0:31:48]} 58. Bb5
{[%clk 0:14:43]} Rbb7 {[%clk 0:30:36]} 59. Ba4 {[%clk 0:14:42]} Kf8
{[%clk 0:27:36]} 60. e4 {[%clk 0:14:08]} 1-0

[Event "High League 2022 men"]
[Site "Obninsk"]
[Date "2022.06.27"]
[Round "2.2"]
[White "Nesterov, Arseniy"]
[Black "Rakhmanov, Aleksandr"]
[Result "1/2-1/2"]
[LiveChessVersion "1.4.7"]
[BlackElo "2635"]
[WhiteElo "2566"]

1. d4 {[%clk 1:30:57]} d5 {[%clk 1:30:54]} 2. c4 {[%clk 1:31:23]} e6
{[%clk 1:31:19]} 3. Nf3 {[%clk 1:31:40]} a6 {[%clk 1:31:17]} 4. cxd5
{[%clk 1:32:02]} exd5 {[%clk 1:31:42]} 5. Nc3 {[%clk 1:32:27]} h6
{[%clk 1:31:38]} 6. Bf4 {[%clk 1:30:57]} Nf6 {[%clk 1:31:32]} 7. e3
{[%clk 1:30:56]} Bd6 {[%clk 1:31:45]} 8. Bxd6 {[%clk 1:26:49]} Qxd6
{[%clk 1:31:36]} 9. Bd3 {[%clk 1:27:12]} O-O {[%clk 1:24:59]} 10. h3
{[%clk 1:27:34]} Nc6 {[%clk 1:25:00]} 11. Rc1 {[%clk 1:16:00]} Re8
{[%clk 1:14:50]} 12. O-O {[%clk 1:12:25]} Bd7 {[%clk 1:12:18]} 13. a3
{[%clk 1:10:17]} Ne7 {[%clk 1:06:29]} 14. Qc2 {[%clk 1:10:07]} g6
{[%clk 0:54:38]} 15. Ne2 {[%clk 1:02:13]} Rec8 {[%clk 0:46:03]} 16. Ne5
{[%clk 0:46:22]} Bb5 {[%clk 0:43:38]} 1/2-1/2

[Event "High League 2022 men"]
[Site "Obninsk"]
[Date "2022.06.27"]
[Round "2.3"]
[White "Iljiushenok, Ilia"]
[Black "Chigaev, Maksim"]
[Result "1/2-1/2"]
[LiveChessVersion "1.4.7"]
[BlackElo "2631"]
[WhiteElo "2540"]

1. e4 {[%clk 1:30:54]} c5 {[%clk 1:30:48]} 2. Nf3 {[%clk 1:31:09]} d6
{[%clk 1:31:06]} 3. d4 {[%clk 1:31:20]} cxd4 {[%clk 1:31:26]} 4. Nxd4
{[%clk 1:31:47]} Nf6 {[%clk 1:31:46]} 5. Nc3 {[%clk 1:32:14]} a6 {[%clk 1:32:09]}
6. h3 {[%clk 1:32:21]} e5 {[%clk 1:30:58]} 7. Nb3 {[%clk 1:32:37]} Be6
{[%clk 1:30:51]} 8. f4 {[%clk 1:32:11]} g6 {[%clk 1:30:23]} 9. Be3
{[%clk 1:32:11]} exf4 {[%clk 1:30:23]} 10. Bxf4 {[%clk 1:32:11]} Nh5
{[%clk 1:30:23]} 11. Be3 {[%clk 1:32:11]} Be7 {[%clk 1:30:23]} 12. Qd2
{[%clk 1:32:11]} Bh4+ {[%clk 1:30:23]} 13. Bf2 {[%clk 1:32:11]} Bg5
{[%clk 1:30:23]} 14. Be3 {[%clk 1:32:11]} Bxe3 {[%clk 1:30:23]} 15. Qxe3
{[%clk 1:32:11]} Qh4+ {[%clk 1:30:23]} 16. Kd2 {[%clk 1:32:11]} Qg3
{[%clk 1:30:23]} 17. Be2 {[%clk 1:32:11]} Qxe3+ {[%clk 1:30:23]} 18. Kxe3
{[%clk 1:32:11]} Ng3 {[%clk 1:30:23]} 19. Rhd1 {[%clk 1:32:11]} Nxe2
{[%clk 1:30:23]} 20. Kxe2 {[%clk 1:32:11]} Ke7 {[%clk 1:30:23]} 21. Nd5+
{[%clk 1:32:11]} Bxd5 {[%clk 1:30:23]} 22. Rxd5 {[%clk 1:32:11]} Nc6
{[%clk 1:30:23]} 23. Rad1 {[%clk 1:32:11]} Rhd8 {[%clk 1:30:23]} 24. Na5
{[%clk 1:32:11]} Nxa5 {[%clk 1:30:23]} 25. Rxa5 {[%clk 1:32:11]} Rac8
{[%clk 1:30:23]} 26. c3 {[%clk 1:32:11]} Rc4 {[%clk 1:30:23]} 27. Ke3
{[%clk 1:32:11]} Rdc8 {[%clk 1:30:23]} 28. Rad5 {[%clk 1:32:11]} R8c6
{[%clk 1:30:23]} 29. R1d2 {[%clk 1:32:11]} h5 {[%clk 1:30:23]} 30. g3
{[%clk 1:32:11]} R4c5 {[%clk 1:30:23]} 31. R5d4 {[%clk 1:32:11]} Rc4
{[%clk 1:30:23]} 32. Rd5 {[%clk 1:32:11]} R4c5 {[%clk 1:30:23]} 33. R5d4
{[%clk 1:32:11]} Rc4 {[%clk 1:30:23]} 34. Rd5 {[%clk 1:32:11]} R4c5
{[%clk 1:30:23]} 35. R5d4 {[%clk 1:32:11]} 1/2-1/2

[Event "High League 2022 men"]
[Site "Obninsk"]
[Date "2022.06.27"]
[Round "2.4"]
[White "Sychev, Klementy"]
[Black "Lysyj, Igor"]
[Result "1/2-1/2"]
[LiveChessVersion "1.4.7"]
[BlackElo "2604"]
[WhiteElo "2534"]

1. d4 {[%clk 1:30:54]} Nf6 {[%clk 1:30:55]} 2. c4 {[%clk 1:31:16]} e6
{[%clk 1:31:21]} 3. Nc3 {[%clk 1:31:34]} Bb4 {[%clk 1:31:48]} 4. e3
{[%clk 1:31:53]} O-O {[%clk 1:31:28]} 5. Bd3 {[%clk 1:32:14]} d5 {[%clk 1:31:45]}
6. cxd5 {[%clk 1:32:33]} exd5 {[%clk 1:32:10]} 7. Nf3 {[%clk 1:32:45]} c5
{[%clk 1:25:33]} 8. dxc5 {[%clk 1:30:22]} Bg4 {[%clk 1:21:37]} 9. O-O
{[%clk 1:30:04]} Bxc5 {[%clk 1:19:57]} 10. b3 {[%clk 1:28:52]} Nc6
{[%clk 1:15:47]} 11. Bb2 {[%clk 1:28:42]} a6 {[%clk 1:07:14]} 12. Be2
{[%clk 1:19:58]} Qd6 {[%clk 0:56:15]} 13. h3 {[%clk 1:20:19]} Bh5
{[%clk 0:48:44]} 14. Nh4 {[%clk 1:20:33]} Bg6 {[%clk 0:48:50]} 15. Nxg6
{[%clk 1:20:18]} hxg6 {[%clk 0:46:47]} 16. Bf3 {[%clk 1:20:37]} Rad8
{[%clk 0:45:53]} 17. Ne2 {[%clk 1:20:28]} 1/2-1/2

[Event "High League 2022 men"]
[Site "Obninsk"]
[Date "2022.06.27"]
[Round "2.6"]
[White "Abrekov, Mussa"]
[Black "Afanasiev, Nikita"]
[Result "0-1"]
[LiveChessVersion "1.4.7"]
[BlackElo "2583"]
[WhiteElo "2133"]

1. d4 {[%clk 1:30:58]} Nf6 {[%clk 1:30:51]} 2. c4 {[%clk 1:31:20]} g6
{[%clk 1:31:17]} 3. Nc3 {[%clk 1:31:43]} d5 {[%clk 1:31:42]} 4. cxd5
{[%clk 1:31:59]} Nxd5 {[%clk 1:32:07]} 5. e4 {[%clk 1:32:21]} Nxc3
{[%clk 1:32:33]} 6. bxc3 {[%clk 1:32:45]} Bg7 {[%clk 1:33:00]} 7. Nf3
{[%clk 1:33:03]} c5 {[%clk 1:33:24]} 8. Be3 {[%clk 1:33:17]} O-O {[%clk 1:33:29]}
9. Qd2 {[%clk 1:32:46]} Qa5 {[%clk 1:28:52]} 10. Rc1 {[%clk 1:32:43]} Nd7
{[%clk 1:27:34]} 11. Bd3 {[%clk 1:26:49]} Nb6 {[%clk 1:25:20]} 12. O-O
{[%clk 1:20:55]} Bg4 {[%clk 1:21:36]} 13. Rfd1 {[%clk 1:16:23]} Rac8
{[%clk 1:15:44]} 14. Rb1 {[%clk 1:06:40]} Rfd8 {[%clk 1:13:23]} 15. Rb5
{[%clk 1:02:21]} Qa4 {[%clk 1:11:25]} 16. Rdb1 {[%clk 0:54:20]} Bxf3
{[%clk 1:10:24]} 17. gxf3 {[%clk 0:54:27]} cxd4 {[%clk 1:10:32]} 18. cxd4
{[%clk 0:53:05]} Bxd4 {[%clk 1:10:51]} 19. Bg5 {[%clk 0:45:27]} Qa3
{[%clk 0:58:25]} 20. R1b3 {[%clk 0:41:36]} Qd6 {[%clk 0:58:36]} 21. a4
{[%clk 0:29:16]} a6 {[%clk 0:57:38]} 22. R5b4 {[%clk 0:25:53]} Bc5
{[%clk 0:53:39]} 23. e5 {[%clk 0:24:45]} Bxb4 {[%clk 0:52:05]} 24. exd6
{[%clk 0:24:52]} Bxd2 {[%clk 0:52:30]} 25. Bxe7 {[%clk 0:23:38]} Ba5
{[%clk 0:52:47]} 0-1

[Event "High League 2022 men"]
[Site "Obninsk"]
[Date "2022.06.27"]
[Round "2.7"]
[White "Kokarev, Dmitry"]
[Black "Remizov, Yaroslav"]
[Result "1-0"]
[LiveChessVersion "1.4.7"]
[BlackElo "2390"]
[WhiteElo "2582"]

1. e4 {[%clk 1:30:56]} c6 {[%clk 1:30:55]} 2. d4 {[%clk 1:31:15]} d5
{[%clk 1:31:22]} 3. Nc3 {[%clk 1:31:36]} dxe4 {[%clk 1:31:45]} 4. Nxe4
{[%clk 1:32:02]} Nf6 {[%clk 1:32:09]} 5. Nxf6+ {[%clk 1:32:20]} exf6
{[%clk 1:32:33]} 6. c3 {[%clk 1:32:36]} Bd6 {[%clk 1:32:57]} 7. Bd3
{[%clk 1:32:53]} O-O {[%clk 1:33:21]} 8. Ne2 {[%clk 1:33:01]} Re8
{[%clk 1:33:31]} 9. O-O {[%clk 1:33:12]} Nd7 {[%clk 1:33:52]} 10. Bf4
{[%clk 1:31:45]} Nf8 {[%clk 1:33:18]} 11. Qd2 {[%clk 1:30:58]} Be6
{[%clk 1:33:23]} 12. Rfe1 {[%clk 1:26:21]} Ng6 {[%clk 1:32:42]} 13. Bxd6
{[%clk 1:26:34]} Qxd6 {[%clk 1:33:08]} 14. b3 {[%clk 1:26:00]} Rad8
{[%clk 1:30:36]} 15. Rad1 {[%clk 1:25:46]} Nh4 {[%clk 1:25:03]} 16. Qf4
{[%clk 1:23:30]} Qxf4 {[%clk 1:24:57]} 17. Nxf4 {[%clk 1:23:51]} Ng6
{[%clk 1:24:50]} 18. Ne2 {[%clk 1:08:02]} Ne7 {[%clk 1:21:23]} 19. f3
{[%clk 1:08:00]} Bf5 {[%clk 1:20:30]} 20. Kf2 {[%clk 1:06:45]} Bxd3
{[%clk 1:12:28]} 21. Rxd3 {[%clk 1:07:00]} Nd5 {[%clk 1:12:55]} 22. c4
{[%clk 0:59:37]} Rxe2+ {[%clk 1:09:16]} 23. Kxe2 {[%clk 0:58:05]} Nf4+
{[%clk 1:09:37]} 24. Kd2 {[%clk 0:58:28]} Nxd3 {[%clk 1:09:14]} 25. Kxd3
{[%clk 0:58:45]} Kf8 {[%clk 1:09:33]} 26. c5 {[%clk 0:49:58]} h5 {[%clk 1:04:34]}
27. b4 {[%clk 0:45:39]} a6 {[%clk 1:03:55]} 28. a4 {[%clk 0:45:27]} g5
{[%clk 1:00:34]} 29. Kc4 {[%clk 0:42:21]} g4 {[%clk 0:58:29]} 30. f4
{[%clk 0:34:18]} h4 {[%clk 0:56:20]} 31. f5 {[%clk 0:32:56]} Rd5 {[%clk 0:46:04]}
32. Rf1 {[%clk 0:33:10]} Ke7 {[%clk 0:45:45]} 33. Rf4 {[%clk 0:32:48]} g3
{[%clk 0:35:26]} 34. h3 {[%clk 0:32:04]} Kd7 {[%clk 0:34:17]} 35. Kd3
{[%clk 0:32:04]} Kc7 {[%clk 0:34:31]} 36. Ke4 {[%clk 0:28:07]} b6
{[%clk 0:34:51]} 37. Rxh4 {[%clk 0:23:01]} a5 {[%clk 0:35:17]} 38. cxb6+
{[%clk 0:21:22]} Kxb6 {[%clk 0:34:59]} 39. b5 {[%clk 0:19:01]} Rd7
{[%clk 0:35:05]} 40. Rh6 {[%clk 0:46:27]} Re7+ {[%clk 1:03:47]} 1-0